<?xml version="1.0" encoding="UTF-8"?>
<collection xmlns="http://www.loc.gov/MARC21/slim">
 <record>
  <leader>01554nam a22003255a 4500</leader>
  <controlfield tag="001">36982</controlfield>
  <controlfield tag="003">BD-DhAAL</controlfield>
  <controlfield tag="005">20211125112512.0</controlfield>
  <controlfield tag="008">090220t1999    enk      b    001 0 eng d</controlfield>
  <datafield tag="999" ind1=" " ind2=" ">
   <subfield code="c">40310</subfield>
   <subfield code="d">40310</subfield>
  </datafield>
  <datafield tag="020" ind1=" " ind2=" ">
   <subfield code="a">9780406900104</subfield>
  </datafield>
  <datafield tag="040" ind1=" " ind2=" ">
   <subfield code="a">UKM</subfield>
   <subfield code="c">UKM</subfield>
   <subfield code="d">DLC</subfield>
   <subfield code="d">BD-DhAAL</subfield>
  </datafield>
  <datafield tag="082" ind1="0" ind2="0">
   <subfield code="a">340.1</subfield>
   <subfield code="2">22</subfield>
  </datafield>
  <datafield tag="100" ind1="1" ind2=" ">
   <subfield code="a">Riddall, J. G.</subfield>
   <subfield code="9">39190</subfield>
  </datafield>
  <datafield tag="245" ind1="1" ind2="0">
   <subfield code="a">Jurisprudence /</subfield>
   <subfield code="c">J.G. Riddall.</subfield>
  </datafield>
  <datafield tag="250" ind1=" " ind2=" ">
   <subfield code="a">second edition</subfield>
  </datafield>
  <datafield tag="260" ind1=" " ind2=" ">
   <subfield code="a">London ;</subfield>
   <subfield code="a">Dayton, Ohio :</subfield>
   <subfield code="b">LexisNexis,</subfield>
   <subfield code="c">c1999.</subfield>
  </datafield>
  <datafield tag="300" ind1=" " ind2=" ">
   <subfield code="a">xi, 355 pages ;</subfield>
   <subfield code="c">22 cm.</subfield>
  </datafield>
  <datafield tag="504" ind1=" " ind2=" ">
   <subfield code="a">Includes bibliographical references and index.</subfield>
  </datafield>
  <datafield tag="526" ind1=" " ind2=" ">
   <subfield code="a">SOL</subfield>
  </datafield>
  <datafield tag="541" ind1=" " ind2=" ">
   <subfield code="a">Trim Education</subfield>
   <subfield code="e">36982, 37552, 37553</subfield>
  </datafield>
  <datafield tag="650" ind1=" " ind2="0">
   <subfield code="a">Law</subfield>
   <subfield code="x">Philosophy.</subfield>
   <subfield code="9">39191</subfield>
  </datafield>
  <datafield tag="650" ind1=" " ind2="0">
   <subfield code="a">Jurisprudence</subfield>
   <subfield code="9">39192</subfield>
  </datafield>
  <datafield tag="650" ind1=" " ind2="0">
   <subfield code="a">Law</subfield>
   <subfield code="x">Great Britain</subfield>
   <subfield code="9">39193</subfield>
  </datafield>
  <datafield tag="650" ind1=" " ind2="0">
   <subfield code="a">Law.</subfield>
   <subfield code="9">43138</subfield>
  </datafield>
  <datafield tag="852" ind1=" " ind2=" ">
   <subfield code="a">Ayesha Abed Library</subfield>
   <subfield code="c">General Stacks</subfield>
  </datafield>
  <datafield tag="942" ind1=" " ind2=" ">
   <subfield code="2">ddc</subfield>
   <subfield code="c">BK</subfield>
  </datafield>
  <datafield tag="952" ind1=" " ind2=" ">
   <subfield code="0">0</subfield>
   <subfield code="1">0</subfield>
   <subfield code="2">ddc</subfield>
   <subfield code="4">0</subfield>
   <subfield code="6">340_100000000000000_RID</subfield>
   <subfield code="7">0</subfield>
   <subfield code="9">67814</subfield>
   <subfield code="a">BRACUL</subfield>
   <subfield code="b">BRACUL</subfield>
   <subfield code="c">GEN</subfield>
   <subfield code="d">2020-02-04</subfield>
   <subfield code="e">Trim education</subfield>
   <subfield code="g">2540.00</subfield>
   <subfield code="l">1</subfield>
   <subfield code="m">12</subfield>
   <subfield code="o">340.1 RID</subfield>
   <subfield code="p">3010036982</subfield>
   <subfield code="r">2025-09-07</subfield>
   <subfield code="s">2025-05-25</subfield>
   <subfield code="t">1</subfield>
   <subfield code="v">2540.00</subfield>
   <subfield code="w">2020-02-04</subfield>
   <subfield code="y">BK</subfield>
  </datafield>
  <datafield tag="952" ind1=" " ind2=" ">
   <subfield code="0">0</subfield>
   <subfield code="1">0</subfield>
   <subfield code="2">ddc</subfield>
   <subfield code="4">0</subfield>
   <subfield code="6">340_100000000000000_RID</subfield>
   <subfield code="7">0</subfield>
   <subfield code="9">69390</subfield>
   <subfield code="a">BRACUL</subfield>
   <subfield code="b">BRACUL</subfield>
   <subfield code="c">GEN</subfield>
   <subfield code="d">2021-09-13</subfield>
   <subfield code="e">Trim Education</subfield>
   <subfield code="g">2540.00</subfield>
   <subfield code="l">3</subfield>
   <subfield code="m">14</subfield>
   <subfield code="o">340.1 RID</subfield>
   <subfield code="p">3010037553</subfield>
   <subfield code="r">2025-12-08</subfield>
   <subfield code="s">2025-11-05</subfield>
   <subfield code="t">3</subfield>
   <subfield code="v">2540.00</subfield>
   <subfield code="w">2021-09-13</subfield>
   <subfield code="y">BK</subfield>
   <subfield code="x">Received during the COVID -19 outbreak vacation</subfield>
  </datafield>
  <datafield tag="952" ind1=" " ind2=" ">
   <subfield code="0">0</subfield>
   <subfield code="1">0</subfield>
   <subfield code="2">ddc</subfield>
   <subfield code="4">0</subfield>
   <subfield code="6">340_100000000000000_RID</subfield>
   <subfield code="7">0</subfield>
   <subfield code="9">69391</subfield>
   <subfield code="a">BRACUL</subfield>
   <subfield code="b">BRACUL</subfield>
   <subfield code="c">GEN</subfield>
   <subfield code="d">2021-09-13</subfield>
   <subfield code="e">Trim Education</subfield>
   <subfield code="g">2540.00</subfield>
   <subfield code="l">3</subfield>
   <subfield code="o">340.1 RID</subfield>
   <subfield code="p">3010037552</subfield>
   <subfield code="r">2025-11-05</subfield>
   <subfield code="s">2025-11-05</subfield>
   <subfield code="t">2</subfield>
   <subfield code="v">2540.00</subfield>
   <subfield code="w">2021-09-13</subfield>
   <subfield code="y">BK</subfield>
   <subfield code="x">Received during the COVID -19 outbreak vacation</subfield>
  </datafield>
 </record>
</collection>
